Library Banner

The social scientific study of Jewry : (Record no. 92239)

MARC details
000 -LEADER
fixed length control field 00938cam a2200253 i 4500
001 - CONTROL NUMBER
control field 17955448
005 - DATE AND TIME OF LATEST TRANSACTION
control field 20170401114215.0
008 - FIXED-LENGTH DATA ELEMENTS--GENERAL INFORMATION
fixed length control field 131126t20142014enkb 000 0 eng
020 ## - INTERNATIONAL STANDARD BOOK NUMBER
International Standard Book Number 9780199363490 (alk. paper)
040 ## - CATALOGING SOURCE
Transcribing agency PK-LaUMT
082 00 - DEWEY DECIMAL CLASSIFICATION NUMBER
Classification number 305.8924
Edition number 23
Item number SOC-
245 04 - TITLE STATEMENT
Title The social scientific study of Jewry :
Remainder of title sources, approaches, debates /
Statement of responsibility, etc edited by Uzi Rebhun
260 ## - PUBLICATION, DISTRIBUTION, ETC. (IMPRINT)
Place of publication, distribution, etc Oxford :
Name of publisher, distributor, etc Oxford University Press,
Date of publication, distribution, etc 2014
300 ## - PHYSICAL DESCRIPTION
Extent xv, 371 p. :
Other physical details maps ;
Dimensions 25 cm.
490 0# - SERIES STATEMENT
Series statement Studies in contemporary Jewry, an annual,
Volume number/sequential designation 27
500 ## - GENERAL NOTE
General note "The Avraham Harman Institute of Contemporary Jewry, The Hebrew University of Jerusalem."
650 #0 - SUBJECT ADDED ENTRY--TOPICAL TERM
Topical term or geographic name as entry element Jews
General subdivision Social conditions
-- Research.
650 #0 - SUBJECT ADDED ENTRY--TOPICAL TERM
Topical term or geographic name as entry element Jews
General subdivision Social conditions.
650 #0 - SUBJECT ADDED ENTRY--TOPICAL TERM
Topical term or geographic name as entry element Jews
Geographic subdivision United States
General subdivision Social conditions.
700 1# - ADDED ENTRY--PERSONAL NAME
Personal name Rebhun, Uzi,
700 12 - ADDED ENTRY--PERSONAL NAME
Personal name Waxman, Chaim I.,
710 2# - ADDED ENTRY--CORPORATE NAME
Corporate name or jurisdiction name as entry element Makhon le-Yahadut zemanenu ʻa. sh. Avraham Harman.
942 ## - ADDED ENTRY ELEMENTS (KOHA)
Koha item type Books
Holdings
Withdrawn status Lost status Damaged status Home library Current library Date acquired Full call number Barcode Date last seen Price effective from Koha item type
      UMT Main Campus UMT Main Campus 2017-04-01 305.8924 SOC- 107082 2017-04-01 2017-04-01 Books